| 000 | 00560nam a22001817a 4500 | ||
|---|---|---|---|
| 003 | NUST - PNEC | ||
| 005 | 20170116180907.0 | ||
| 008 | 150902b xxu||||| |||| 00| 0 eng d | ||
| 020 | _a8120306538 | ||
| 040 | _cLIBRARY | ||
| 082 | _a610.28 CRO | ||
| 100 |
_96791 _aCromwell, Leslie. |
||
| 245 |
_aBiomedical instrumentation and measurements _cLeslie Cromwell Erich A. Pfeiffer and Fred J. Weibell |
||
| 250 | _a2nd ed. | ||
| 260 | _cc. 1980 | ||
| 650 |
_96797 _aBiomedical engineering, Medical instruments and apparatus _vgeneral books |
||
| 942 |
_2ddc _cBK |
||
| 999 |
_c65158 _d65158 |
||